000 01388cam a2200313 4500
008 000000n2000 000 0 eng u
020 _a1874266549
035 _a(Sirsi) u109042
050 _a624.1513
110 _aInstitution of Structural Engineers
_9441
245 _aSubsidence of low-rise buildings : a guide for professionals and property owners.
250 _a2nd ed.
260 _aLondon
_bInstitution of Structural Engineers
_c2000
300 _a176p. : ill. ; 30cm.
350 _a40.00
520 _aAims to provide up to date information on damage and loss caused by subsidence, heave and landslip and the repair of affected buildings. Deals with conventionally constructed buildings up to four storeys in height both domestic and commercial, although the principles can be applied to larger buildings in some circumstances. Produced by a task force, chaired by Brian Clancy, which included chartered surveyors.
650 _aInsurance
_96249
650 _aLOW RISE BUILDINGS
650 _aTREES
650 _aREMEDIAL WORKS
650 _aMINING SUBSIDENCE
650 _aBUILT ENVIRONMENT-BUILDING ELEMENTS-COMPLETE BUILDING ELEMENTS-FOUNDATIONS
650 _aBUILDING REGULATIONS
_96224
650 _aPARTY WALL ETC ACT 1996
650 _aCLAIMS
650 _aUNDERPINNING
690 _aBUILDING AND CONSTRUCTION-DEFECTS AND FAILURES
942 _n0
999 _c100874
_d100874